Alle Länder mit Nobelpreis für Literatur - Statistiken

Allgemein
  • Dieses Quiz wurde 159 mal gespielt
  • Das Durchschnittsergebnis liegt bei 27 aus 41
Antwortstatistiken
Nobel Land % Korrekt
11 Vereinigte Staaten
100%
8 Deutschland
99%
4 Russland / Sowjetunion
97%
6 Spanien
94%
8 Schweden
93%
2 China
92%
10 Vereinigtes Königreich
92%
16 Frankreich
90%
6 Italien
90%
3 Norwegen
90%
2 Japan
89%
1 Kanada
89%
6 Polen
87%
1 Finnland
85%
2 Österreich
84%
1 Portugal
83%
1 Australien
82%
2 Schweiz
79%
3 Dänemark
76%
1 Mexiko
76%
1 Belgien
71%
2 Griechenland
69%
1 Indien
69%
2 Südafrika
69%
4 Irland
68%
1 Türkei
66%
2 Chile
59%
1 Ägypten
54%
1 Island
54%
1 Ungarn
53%
1 Israel
52%
1 Kolumbien
52%
1 Peru
44%
1 Bulgarien
40%
1 Weißrussland
28%
1 Nigeria
22%
1 Tschechoslowakei
15%
1 St. Lucia
12%
1 Guatemala
11%
1 Mauritius
1%
1 Jugoslawia
0%
Keine übereinstimmenden Quizze gefunden
Verteilung der Resultate
Anzahl Personen mit jedem Resultat
Perzentil nach korrekt beantworteten Fragen
Ihre Resultats-Entwicklung
Sie haben dieses Quiz noch nicht gespielt